zpět

Detail výsledku týmu

Pivovar Parník, Přerov

Datum a čas kvízu

21 Celkem bodů Celkový počet nahraných bodů na tomto kvízu bez doplňovacích otázek.
6. Pořadí na kvízu Konečné umístění týmu na tomto kvízu.

Zaznamenané odpovědi

# Otázka Odpověď Body Výsledky
1. Zlidovělý výraz Andreje Babiše... 0
2. "Filosof a revolucionář Karl M... 1
3. V Brně se minulý týden konal p... 0
4. Desítky nových "hackerů" ročně... 0
5. Minulý týden začala první cykl... 0
6. Košile patří k základním typům... 0
7. Dámská obdoba košile se nejčas... 1
8. Paramilitární křídlo italských... 1
9. Ze kterého česko-německého tel... 1
10. Polotriko, zkráceně polo, je j... 1